Statistics for Countries Without First or Last Letter Quiz #09

Click here to take the quiz!

General Stats

  • This quiz has been taken 61 times
  • The average score is 14 of 14

Answer Stats

Countries Without First or Last LettersFull Country Names% Correct
rgentinArgentina
100%
amerooCameroon
100%
etherlandNetherlands
100%
zerbaijaAzerbaijan
98%
osni n erzegovinBosnia and Herzegovina
98%
swatinEswatini
98%
ederate tate * icronesiFederated States of Micronesia
98%
ungarHungary
97%
alawMalawi
97%
hutaBhutan
95%
ain itt n eviSaint Kitts and Nevis
95%
ost icCosta Rica
93%
maOman
91%
ambi (the one with blue on it's flag)Gambia
90%

Score Distribution

Percentile by Number Answered

Percent of People with Each Score

Your Score History

You have not taken this quiz